000 00621nam a22002177a 4500
003 UA-OsUOA
001 121662
007 ta
008 20170327b un ||||| |||| 00| 0 ukr d
100 _aПрокопенко М.
090 _a07
_bП80
942 _cSA
040 _aUA-OsUOA
_bukr
_cUA-OsUOA
_dUA-OsUOA
245 _aАнтинаукова журналістика. Чому українські вчені змушені захищатися від наклепів
300 _aС.19
955 _a0
041 _aukr
080 _a07
773 0 _w121658
650 7 _a0 Загальний відділ.
_2UDC
999 _c407781
_d407781